1859 1007 1088 1151 1625 1086 1531 1930 1690 1859 1284 1323 1566 1706 1321 1291 1688 1180 1466 1756 1525 1767 1448 1575 1470 1542 1362 1381 1205 1128 1155 1707 1718 1620 1219 1275 1217 1801 1738 1804 1809 1962 1211 1098 1428 1943 1646 1427 1536 1549 1423 1500 1866 1307 1676 1811 1457 1655 1114 1084 1980 1126 1677 1990 1601 1969 1362 1665 1769 1832 1082 1930 1414 1208 1337 1071 1319 1942 1751 1208 1469 1376 1645 1059 1012 1860 1533 1635 1374 1476 1135 1027 1745 1451 1900 1848 1837 1199 1264 BCNSPRNW ULIB Ver.6.0+V

เปลี่ยนเป็นภาษาไทย

Change to English
 แสดงรายละเอียดบรรณานุกรม
  กลับหน้าหลัก

Brief Record : Get Marc (ISO 2709) : E-mail record : QR code < ปิดหน้าต่าง
LEADER : 00000nam 2200000uu 4500
001    13399124434
003     ULIB
008    150717s2557||||th 000 0 tha d
020    ^a9786163615855
060  4 ^aWB935^bบ427 ล.2
100 0  ^aบุญชัย อิศราพิสิษฐ์
245 10 ^aพิชิตโรคโดยไม่ใช้ยา เล่ม 2 ตอน หยุดแก่เร็ว หยุดป่วย ด้วยธรรมชาติบำบัด /^cบุญชัย อิศราพิสิษฐ์
250    ^aพิมพ์ครั้งที่ 3
260    ^aกรุงเทพฯ :^bสุขภาพดี,^c2557
300    ^a240 หน้า :^bภาพประกอบ
500    ^aพิชิตโรคร้าย--โดยไม่ใช้ยา สุดยอดหนังสือดี เล่ม 1
650  7 ^aการดูแลสุขภาพด้วยตนเอง
650  7 ^aพฤติกรรมสุขภาพ
650  7 ^aการรักษาด้วยธรรมชาติ
650  7 ^aการดูแลตนเอง
945    ^p200^l0^i22986
999    ^aทศพร เกษรทอง
รายการนี้ยังไม่มีแท็ก
คุณยังไม่ได้ล็อกอิน คุณสามารถมีกิจกรรมร่วมกับเว็บไซต์ได้ แต่ต้องล็อกอินก่อน ::
  ล็อกอิน

รายการสื่อสารสนเทศ

ลำดับที่ ประเภท เลขเรียก/บาร์โค้ด สถานที่ สถานะ
1. วิทยาศาสตร์การแพทย์ และสุขภาพ
วิทยาศาสตร์การแพทย์ และสุขภาพ
สถานะ=หนังสือเก่า
WB935 บ427 ล.2 ฉ.1 
  Barcode: 22986
ห้องสมุดวิทยาเขตนครสวรรค์
►ส่วนจัดเก็บหนังสือเก่า นว.
บนชั้น
  ขอยืม

รายการใกล้เคียง
    ผู้แต่ง [บุญชัย อิศราพิสิษฐ์]

    หัวเรื่อง [การดูแลสุขภาพด้วยตนเอง]
    หัวเรื่อง [พฤติกรรมสุขภาพ]
    หัวเรื่อง [การรักษาด้วยธรรมชาติ]
    หัวเรื่อง [การดูแลตนเอง]

BibComment


ยังไม่เคยถูกคอมเมนท์

คอมเมนท์ทรัพยากรรายการนี้
  คอมเมนท์: พิชิตโรคโดยไม่ใช..


 Copyright 2026. Bcnsprnw @Library